Empirický bayseovský bodový odhad parametra Poissonovho rozdelenia

Význam Poissonovo rozdelenia pri modelovaní stochastických procesov. Matematicko-štatistická podstata bayesovskej indukcie. Porovnanie bodového odhadu parametra Poissonovho rozdelenia z pohľadu klasickej štatistiky a prostredníctvom empirického bayesovského prístupu.

Gespeichert in:
Bibliographische Detailangaben
1. Verfasser: Kotlebová, Eva
Format: Buchkapitel
Sprache:Slowakisch
Schlagworte:
Tags: Tag hinzufügen
Keine Tags, Fügen Sie das erste Tag hinzu!

MARC

LEADER 00000naa$a2200000$$$4500
001 0039827
005 20240502071505.8
041 0 |a slo 
044 |a SK 
245 1 0 |a Empirický bayseovský bodový odhad parametra Poissonovho rozdelenia  |c Eva Kotlebová 
520 |a Význam Poissonovo rozdelenia pri modelovaní stochastických procesov. Matematicko-štatistická podstata bayesovskej indukcie. Porovnanie bodového odhadu parametra Poissonovho rozdelenia z pohľadu klasickej štatistiky a prostredníctvom empirického bayesovského prístupu. 
610 2 0 |a modelovanie ekonometrické 
610 2 0 |a modely stochastické 
610 2 0 |a parametre ekonomické 
610 2 0 |a odhad štatistický 
610 2 0 |a poisťovníctvo 
100 1 |a Kotlebová, Eva